书目信息 |
| 题名: |
物业与装修维权必读
|
|
| 作者: | 许海峰 主编 | |
| 分册: | ||
| 出版信息: | 北京 金盾出版社 2016 |
|
| 页数: | 10,274页 | |
| 开本: | 21cm | |
| 丛书名: | ||
| 单 册: | ||
| 中图分类: | D922.384 | |
| 科图分类: | ||
| 主题词: | 物业管理--wu ye guan li--行政法--基本知识--中国 | |
| 电子资源: | ||
| ISBN: | 978-7-5186-0883-6 | |
| 000 | 01094nam0 22002531 450 | |
| 001 | 0115101128 | |
| 005 | 20170415101128.0 | |
| 010 | @a978-7-5186-0883-6@dCNY28.00 | |
| 100 | @a20161216d2016 em y0chiy50 ea | |
| 101 | 0 | @achi |
| 102 | @aCN@b110000 | |
| 105 | @ay z 000yy | |
| 106 | @ar | |
| 200 | 1 | @a物业与装修维权必读@Awu ye yu zhuang xiu wei quan bi du@f许海峰主编 |
| 210 | @a北京@c金盾出版社@d2016 | |
| 215 | @a10,274页@d21cm | |
| 300 | @a百姓实用法律知识手册 | |
| 314 | @a许海峰,北京中伦文德律师所高级合伙人,执业律师,中华全国律师协会会员等职。已出版《企业知识产权保护法律事务丛书》、《企业资本运作法律事务丛书》等。 | |
| 330 | @a本书围绕物业管理与房屋装修的涉法问题,采用简洁明了的问答形式,介绍了相关法律法规知识和产生纠纷后的维权方法。主要有物业管理概述,物业管理企业、前期物业管理、物业服务与收费、物业纠纷解决办法以及家庭装修合同、装修验收、装修纠纷解决方法等。 | |
| 606 | 0 | @a物业管理@Awu ye guan li@x行政法@x基本知识@y中国 |
| 690 | @aD922.384@v5 | |
| 701 | 0 | @a许海峰@Axu hai feng@4主编 |
| 801 | 0 | @aCN@bTANGWEI@c20170308 |
| 905 | @b0964787-90@dD922.384@e1542@f4 | |
| 物业与装修维权必读/许海峰主编.-北京:金盾出版社,2016 |
| 10,274页;21cm |
| 百姓实用法律知识手册 |
| ISBN 978-7-5186-0883-6:CNY28.00 |
| 本书围绕物业管理与房屋装修的涉法问题,采用简洁明了的问答形式,介绍了相关法律法规知识和产生纠纷后的维权方法。主要有物业管理概述,物业管理企业、前期物业管理、物业服务与收费、物业纠纷解决办法以及家庭装修合同、装修验收、装修纠纷解决方法等。 |
| ● |
| 相关链接 |
|
|
|
|
正题名:物业与装修维权必读
索取号:D922.384/1542
 
预约/预借
| 序号 | 登录号 | 条形码 | 馆藏地/架位号 | 状态 | 备注 |
| 1 | 0964787 | 209647872 | 第一样本阅览室/ [索取号:D922.384/1542] | 在馆 | |
| 2 | 0964788 | 209647881 | 第一借阅区/ [索取号:D922.384/1542] | 在馆 | |
| 3 | 0964789 | 209647890 | 密集书库-海洋学院/ [索取号:D922.384/1542] | 在馆 | |
| 4 | 0964790 | 209647907 | 第一借阅区/ [索取号:D922.384/1542] | 在馆 |